000 00812cab a2200229 4500
001 X3734
008 090401t1996 xxu||||| |||| 00| 0 eng d
035 _a(Sirsi) u32426
041 _aeng
245 _aBromley LBC v Pollock
260 _c1996
350 _a0
490 _aPlanning Appeal Decisions
_v[1996] 11 PAD 558-560(3)
520 _aDecision letter 1 May 1996. The council refused outline planning permission for the erection of a single-storey indoor rifle and pistol shooting range on land at Flamingo Park Sports Club, Sidcup within the Metropolitan Green Belt. Appeal dismissed.
650 _aBROMLEY LBC V POLLOCK
650 _aMETROPOLITAN GREEN BELT
650 _aRIFLE RANGE
650 _aSHOOTING RANGE
690 _aPLANNING LAW AND PRACTICE
942 _n0
948 _c04/03/1997
999 _c21728
_d21728